Normal view
MARC view
- Prof. Faiz Ahmed
Entry Personal Name
001 - CONTROL NUMBER
- control field: 16929
003 - CONTROL NUMBER IDENTIFIER
- control field: NUST
005 - DATE AND TIME OF LATEST TRANSACTION
- control field: 20190706142053.0
008 - FIXED-LENGTH DATA ELEMENTS
- fixed length control field: 190706|| aca||aabn | a|a d
040 ## - CATALOGING SOURCE
- Original cataloging agency: NUST
- Transcribing agency: NUST
100 ## - HEADING--PERSONAL NAME
- Personal name: Prof. Faiz Ahmed
670 ## - SOURCE DATA FOUND
- Source citation: Work cat.: (NUST): Ahmad, Riaz Khan 16927, Planes and axes of symmetry in an elastic material /, 2012.
